000 00795nam a2200229 a 4500
999 _c11897
_d11897
001 11897
003 BD-JhCC
005 20211012134021.0
008 201125s2018 bg a|||| ||a| 000 0 ben d
020 _a9789849323372
035 _a(BD-JhCC)11897
040 _aBD-JhCC
_dBD-JhCC
041 _aben
082 _a891.44
_bBAB 2018
100 _aবাবু; তাসরুজ্জামান
245 _aকল্পবৈজ্ঞানিক থ্রিলার:
_bবিয়ন্ড দ্য ম্যানমেইড ইউনিভার্স /
_cতাসরুজ্জামান বাবু ।
260 _aঢাকা:
_bসময়;
_c২০১৮.
300 _a109 p. :
_c22 cm
650 _aBengali Fiction
_z
942 _2ddc
_cBK
_011